Statistics for Book Titles AKA's

Click here to take the quiz!

General Stats

  • This quiz has been taken 791 times
  • The average score is 7 of 12

Answer Stats

This person:Is also know as:% Correct
Captain Ahab's foeMoby Dick
90%
Don CorleoneThe Godfather
83%
Athos, Porthos, and AramisThe Three Musketeers
83%
Banks family nannyMary Poppins
79%
Governess to Mr. Rochester's wardJane Eyre
66%
Sancho Panza's bossDon Quixote
64%
The man behind the screenThe Wonderful Wizard of Oz
54%
Lisbeth SalanderThe Girl With the Dragon Tattoo
51%
Mr. Woodhouse's daughterEmma
40%
Benjamin BraddockThe Graduate
17%
AntonioThe Merchant of Venice
14%
Valentine and ProteusThe Two Gentlemen of Verona
11%

Score Distribution

Percentile by Number Answered

Percent of People with Each Score

Your Score History

You have not taken this quiz